Normal view
MARC view
- Vallejo, Luis I. Gonzalez
Entry Personal Name
001 - CONTROL NUMBER
- control field: 24613
003 - CONTROL NUMBER IDENTIFIER
- control field: NUST
005 - DATE AND TIME OF LATEST TRANSACTION
- control field: 20191023112945.0
008 - FIXED-LENGTH DATA ELEMENTS
- fixed length control field: 191023|| aca||aabn | a|a d
040 ## - CATALOGING SOURCE
- Original cataloging agency: NUST
- Transcribing agency: NUST
100 ## - HEADING--PERSONAL NAME
- Personal name: Vallejo, Luis I. Gonzalez
670 ## - SOURCE DATA FOUND
- Source citation: Work cat.: (NUST): Vallejo, Luis I. Gonzalez, Geological Engineering
